header

Teaching multiwriting (Record no. 36431)

MARC details
000 -LEADER
fixed length control field 01498nam a2200349Ia 4500
082 04 - DEWEY DECIMAL CLASSIFICATION NUMBER
Classification number 808/.042071
100 1# - MAIN ENTRY--AUTHOR NAME
Personal name Davis, Robert L.,
245 10 - TITLE STATEMENT
Title Teaching multiwriting
260 ## - PUBLICATION, DISTRIBUTION, ETC. (IMPRINT)
Place of publication Carbondale :
Name of publisher Southern Illinois University Press,
Year of publication c2007.
300 ## - PHYSICAL DESCRIPTION
Number of Pages xii, 226 p. :
Other physical details ill.
650 #0 - SUBJECT ADDED ENTRY--TOPICAL TERM
Topical Term English language
Topical Term Interdisciplinary approach in education.
Topical Term Creative writing (Higher education)
700 1# - ADDED ENTRY--PERSONAL NAME
Personal name Shadle, Mark F.,
856 40 - ELECTRONIC LOCATION AND ACCESS
Uniform Resource Identifier http://site.ebrary.com/lib/rucke/Doc?id=10739208

No items available.

© 2026 Rongo University
Contact us: librarian | system librarian | Rongo university